00444 a2200121 4500040000600000082001200006100001600018245006900034260008200103300003200185500004800217856005700265 a0 aPGDIT-2 aSami Ullah. aMedical store's sales and inventory control system cSami Ullah. aIslamabad :bNUST School of Electrical Engineering & Computer Science,c2003. av, 104 p. :bill. ;c27 cm. aSupervisor : Dr. Muhammad Adaidullah Anwar. uhttp://10.250.8.41:8080/xmlui/handle/123456789/13209